000 00745nam a22002894a 4500
001 UByD003057
003 AR-LpoUNG
005 20240809150640.0
008 240809s2006||||ag a b 000|1 spa d
020 _a9500727862
040 _aAR-LpoUNG
_bspa
_cAR-LpoUNG
_eaacr
041 0 _aspa
044 _aag
082 0 _a808.068 3 383luc
100 1 _aSchujer, Silvia
245 1 0 _aLucas y Simón van a la playa
250 _a1ra. ed.
260 _aBuenos Aires :
_bSudamericana,
_c2006.
300 _a[32] p. :
_bil.
505 0 _aSugerido a partir de 6 años (etiqueta AMARILLA)
650 4 _aCUENTOS
650 4 _aLITERATURA
653 0 _aLITERATURA INFANTIL
700 1 _aHuadi
_eil.
905 _a50234
942 _cLIB
_2ddc
999 _c65648
_d65648